| 000 | 00682nam a2200241 u 4500 | ||
|---|---|---|---|
| 005 | 20240601063640.0 | ||
| 008 | 190225s2006 es r 000 0 spa d | ||
| 020 | _a8484123774 | ||
| 035 | _aUPN01000229263 | ||
| 049 | _aI | ||
| 050 | 4 |
_aPZ78 _bR5.35 |
|
| 100 | 1 |
_aRío, Carmina del _932941 |
|
| 245 | 1 | 0 |
_aEn la calle / _cCarmina del Río. |
| 260 |
_aBarcelona, Esp. : _bSalvatella, _c2006. |
||
| 300 |
_a32 p. : _bil. col. |
||
| 440 | 0 |
_aNuestras obligaciones ; _v3 |
|
| 650 | 4 |
_aLibros y lectura para niños _92290 |
|
| 650 | 4 |
_aRESPONSABILIDAD INFANTIL _98478 |
|
| 650 | 4 |
_aCivismo _910828 |
|
| 905 | _aInfantil | ||
| 999 |
_c201358 _d201358 |
||